[Event "LTU-ch sf"]
[Site "Vilnius"]
[Date "2023.04.14"]
[Round "7"]
[White "Viliamas, Dovydas"]
[Black "Achremovas, Igoris"]
[Result "1-0"]
[WhiteElo "1588"]
[BlackElo "1421"]
[PlyCount "101"]
[EventDate "2023.04.11"]
[EventType "swiss"]
[EventRounds "9"]
[EventCountry "LTU"]
[SourceTitle "CBM 213 Extra"]
[Source "ChessBase"]
[SourceDate "2023.05.31"]
[SourceVersion "1"]
[SourceVersionDate "2023.05.31"]
[SourceQuality "1"]

1. d4 Nf6 2. Bg5 e6 3. Nd2 d5 4. e3 Be7 5. Bd3 Nbd7 6. f4 c5 7. c3 c4 8. Bc2 b5 9. Ngf3 Bb7 10. 0-0 Qc7 11. Ne5 a5 12. Qf3 h6 13. Bxf6 gxf6 14. Nxd7 Qxd7 15. e4 0-0-0 16. exd5 Bxd5 17. Be4 Rdg8 18. b3 f5 19. Bxd5 Qxd5 20. Qe2 cxb3 21. axb3 Bd8 22. Qf3 Qxf3 23. Rxf3 Bb6 24. Rd3 Rd8 25. Nf3 f6 26. Kf1 Rhe8 27. Rdd1 Rd7 28. Ke2 Ra7 29. c4 bxc4 30. bxc4 Bc7 31. g3 Kd7 32. Rdb1 Rb8 33. Rxb8 Bxb8 34. Kd2 Bc7 35. Ra4 Rb7 36. Kc2 Kc6 37. Ra1 Ra7 38. Kb3 Rb7+ 39. Kc3 Kd6 40. Ng1 e5 41. Ne2 e4 42. d5 Rb4 43. Nd4 Kc5 44. Ne6+ Kd6 45. Nxc7 Kxc7 46. Rxa5 Rb1 47. Ra6 Rc1+ 48. Kd4 Rc2 49. Rxf6 Rxh2 50. Rxf5 Rg2 51. Rf7+ 1-0

[Event "LTU-ch U10"]
[Site "Kaunas"]
[Date "2017.04.08"]
[Round "7"]
[White "Vainauskas, Haroldas"]
[Black "Viliamas, Dovydas"]
[Result "1-0"]
[WhiteElo "1252"]
[BlackElo "1256"]
[PlyCount "35"]
[EventDate "2017.04.05"]
[EventType "swiss"]
[EventRounds "9"]
[EventCountry "LTU"]
[SourceTitle "CBM 177 Extra"]
[Source "ChessBase"]
[SourceDate "2017.04.27"]
[SourceVersion "1"]
[SourceVersionDate "2017.04.27"]
[SourceQuality "1"]

1. d4 d5 2. Bf4 e6 3. e3 Bd6 4. Bg3 Ne7 5. Bd3 b6 6. Nf3 Ba6 7. c3 Bxd3 8. Qxd3 Nf5 9. Nbd2 Nxg3 10. hxg3 h6 11. e4 dxe4 12. Qxe4 c6 13. Ne5 Qc7 14. Ndc4 Be7 15. 0-0-0 a5 16. f4 f5 17. Qf3 Ra7 18. Qh5+ 1-0

[Event "LTU-ch"]
[Site "Vilnius"]
[Date "2017.02.27"]
[Round "4"]
[White "Feofanov, Boris"]
[Black "Viliamas, Dovydas"]
[Result "1-0"]
[WhiteElo "1711"]
[BlackElo "1176"]
[PlyCount "45"]
[EventDate "2017.02.25"]
[EventType "swiss"]
[EventRounds "9"]
[EventCountry "LTU"]
[SourceTitle "CBM 177 Extra"]
[Source "ChessBase"]
[SourceDate "2017.04.27"]
[SourceVersion "1"]
[SourceVersionDate "2017.04.27"]
[SourceQuality "1"]

1. d4 d5 2. Nf3 Nf6 3. g3 Bg4 4. c4 c6 5. Bg2 e6 6. 0-0 Nbd7 7. Nc3 Bd6 8. Nd2 Bb4 9. f3 Bxc3 10. bxc3 Bh5 11. Ba3 Nb6 12. Qb3 Qd7 13. e4 dxe4 14. fxe4 Nc8 15. e5 Ng8 16. Ne4 b6 17. d5 Nge7 18. dxe6 Qxe6 19. Nd6+ Kd7 20. Rae1 b5 21. Nxb5 cxb5 22. Qxb5+ Nc6 23. Qb7+ 1-0

[Event "Plunge op 36th"]
[Site "Plateliai"]
[Date "2016.07.22"]
[Round "7"]
[White "Viliamas, Dovydas"]
[Black "Liandzbergas, Mykolas"]
[Result "0-1"]
[WhiteElo "1080"]
[BlackElo "1445"]
[PlyCount "46"]
[EventDate "2016.07.18"]
[EventType "swiss"]
[EventRounds "9"]
[EventCountry "LTU"]
[SourceTitle "EXT 2018"]
[Source "ChessBase"]
[SourceDate "2017.10.13"]
[SourceVersion "1"]
[SourceVersionDate "2017.10.13"]
[SourceQuality "1"]

1. d4 Nf6 2. Nf3 d5 3. c4 dxc4 4. e3 e6 5. Bxc4 c5 6. Nc3 a6 7. a4 Nc6 8. d5 exd5 9. Nxd5 Nxd5 10. Qxd5 Qxd5 11. Bxd5 Nb4 12. Be4 f5 13. Bb1 g6 14. Bd2 Bg7 15. Bxb4 cxb4 16. Nd2 Bxb2 17. Ra2 Bc3 18. Bd3 Be6 19. Rc2 Bb3 20. Rxc3 bxc3 21. Nxb3 0-0-0 22. Nd4 Rhe8 23. g3 Rxd4 0-1

[Event "Plunge op 36th"]
[Site "Plateliai"]
[Date "2016.07.21"]
[Round "6"]
[White "Meskenas, Paulius"]
[Black "Viliamas, Dovydas"]
[Result "1/2-1/2"]
[WhiteElo "1500"]
[BlackElo "1080"]
[PlyCount "91"]
[EventDate "2016.07.18"]
[EventType "swiss"]
[EventRounds "9"]
[EventCountry "LTU"]
[SourceTitle "EXT 2018"]
[Source "ChessBase"]
[SourceDate "2017.10.13"]
[SourceVersion "1"]
[SourceVersionDate "2017.10.13"]
[SourceQuality "1"]

1. e4 e6 2. d4 d5 3. e5 c5 4. c3 Qb6 5. Nf3 Nc6 6. Bd3 Bd7 7. dxc5 Bxc5 8. b4 Be7 9. 0-0 f6 10. Be3 Qc7 11. Re1 fxe5 12. Bc2 Nf6 13. Na3 a6 14. Bg5 0-0 15. Ba4 e4 16. Bxc6 Qxc6 17. Ne5 Qc7 18. Nxd7 Qxd7 19. c4 Bxb4 20. Re3 d4 21. Bxf6 Rxf6 22. Nc2 Bc5 23. Rxe4 d3 24. Ne3 Bxe3 25. Rxe3 Rd8 26. Rc1 Rf4 27. Qd2 Rd4 28. Rd1 Rxc4 29. g3 Rd4 30. Rde1 Rd6 31. Rd1 Qa4 32. Kf1 Qc2 33. Ke1 Qxd2+ 34. Kxd2 Kf7 35. Rb1 R8d7 36. f4 Rc7 37. Rb2 Kf6 38. Rxd3 Rxd3+ 39. Kxd3 b5 40. Re2 Rc5 41. Re4 Kf5 42. h3 Rc3+ 43. Kxc3 Kxe4 44. Kb4 Kd4 45. a3 g6 46. Ka5 1/2-1/2

[Event "Plunge op 36th"]
[Site "Plateliai"]
[Date "2016.07.21"]
[Round "5"]
[White "Viliamas, Dovydas"]
[Black "Dudnikas, Motiejus"]
[Result "1/2-1/2"]
[WhiteElo "1080"]
[BlackElo "1409"]
[PlyCount "28"]
[EventDate "2016.07.18"]
[EventType "swiss"]
[EventRounds "9"]
[EventCountry "LTU"]
[SourceTitle "EXT 2018"]
[Source "ChessBase"]
[SourceDate "2017.10.13"]
[SourceVersion "1"]
[SourceVersionDate "2017.10.13"]
[SourceQuality "1"]

1. d4 f5 2. Nf3 e6 3. Bf4 Nf6 4. a3 d5 5. e3 c6 6. c4 Be7 7. Be2 0-0 8. Nc3 Bd7 9. Qb3 Bc8 10. Rc1 Nh5 11. Bxb8 Rxb8 12. Ne5 dxc4 13. Bxc4 Qd6 14. Be2 Nf6 1/2-1/2

[Event "Plunge op 36th"]
[Site "Plateliai"]
[Date "2016.07.19"]
[Round "3"]
[White "Viliamas, Dovydas"]
[Black "Vainauskas, Haroldas"]
[Result "1/2-1/2"]
[WhiteElo "1080"]
[BlackElo "1258"]
[PlyCount "70"]
[EventDate "2016.07.18"]
[EventType "swiss"]
[EventRounds "9"]
[EventCountry "LTU"]
[SourceTitle "EXT 2018"]
[Source "ChessBase"]
[SourceDate "2017.10.13"]
[SourceVersion "1"]
[SourceVersionDate "2017.10.13"]
[SourceQuality "1"]

1. d4 Nf6 2. Nf3 g6 3. Bf4 d5 4. e3 Bg7 5. c4 0-0 6. Nc3 c5 7. cxd5 Qa5 8. Bd3 Nxd5 9. Bxb8 Nxc3 10. Qd2 Rxb8 11. Qxc3 Qxc3+ 12. bxc3 cxd4 13. cxd4 Be6 14. a3 Bd5 15. e4 Bc6 16. Rb1 Rfd8 17. d5 Be8 18. Ke2 Bh6 19. Nd2 e6 20. dxe6 fxe6 21. Nf3 Bc6 22. Ne5 Rd6 23. Rb4 Bg7 24. Nxc6 Rxc6 25. Rhb1 b6 26. Rc4 Rbc8 27. Rbc1 Rxc4 28. Rxc4 Rxc4 29. Bxc4 Kf7 30. Ke3 Ke7 31. a4 Kd6 32. Kd3 e5 33. Kc3 Kc5 34. Bb5 Bh6 35. g3 a5 1/2-1/2